000 00968cab a2200253 4500
001 T0019836
008 090401t1991 xxu||||| |||| 00| 0 eng d
035 _a(Sirsi) u50845
041 _aeng
245 _aNumber of households to increase
260 _c1991
350 _a0
490 _aFinancial Times
_v24/8/91 p5
490 _aEast Anglian Daily Times
_v28/9/91 p14
490 _aPlanning (for the Natural and Built Environment)
_vno 933 30/8/91 p1(3)
490 _aDoE News Release
_vno 509 23 August 1991, 3 pages
520 _aThe forecast increase in households , particularly in southern England has provoked conflicting responses from the House Builders` Federation and the Council for the Protection of Rural England over the consequent demand for additional housebuilding .
650 _aDIVORCE
650 _aONE PERSON HOUSEHOLDS
650 _aSINGLE PARENT FAMILIES
690 _aHOUSING-DEVELOPMENT
942 _n0
948 _c04/03/1997
999 _c31735
_d31735